|
|
|
|
| LEADER |
01384nam a2200265 a 4500 |
| 001 |
16459438 |
| 008 |
111003s2010 ii a b 001 0 eng d |
| 010 |
|
|
|a 2010285661
|
| 020 |
|
|
|a 9780195699647
|
| 020 |
|
|
|a 0195699645
|
| 040 |
|
|
|a DLC
|c DLC
|d DLC
|d BD-DhAAL
|
| 082 |
0 |
0 |
|a 174.4
|2 22
|
| 100 |
1 |
|
|a Albuquerque, Daniel.
|
| 245 |
1 |
0 |
|a Business ethics :
|b principles and practices /
|c Daniel Albuquerque.
|
| 260 |
|
|
|a New Delhi ;
|a New York :
|b Oxford University Press,
|c 2010.
|
| 300 |
|
|
|a xvii, 597 p. :
|b ill. ;
|c 24 cm.
|
| 504 |
|
|
|a Includes bibliographical references and index.
|
| 541 |
1 |
|
|e 00023662
|
| 650 |
|
0 |
|a Business ethics.
|
| 852 |
4 |
|
|a Ayesha Abed Library
|c General shelf
|
| 856 |
4 |
2 |
|3 Publisher description
|u http://www.loc.gov/catdir/enhancements/fy1102/2010285661-d.html
|
| 999 |
|
|
|c 11299
|d 11299
|
| 952 |
|
|
|0 0
|1 0
|4 0
|6 174_400000000000000_ALB
|7 0
|9 18334
|a BRACUL
|b BRACUL
|c GEN
|d 2011-10-03
|e Book Web
|g 671.50
|l 3
|o 174.4 ALB
|p 3010023662
|r 2024-01-31
|s 2024-01-27
|t 1
|w 2011-10-03
|y BK
|x Available
|
| 952 |
|
|
|0 0
|1 0
|4 0
|6 174_400000000000000_ALB
|7 0
|9 18335
|a BRACUL
|b BRACUL
|c GEN
|d 2011-10-03
|e Book Web
|g 671.50
|l 3
|m 4
|o 174.4 ALB
|p 3010023663
|r 2022-04-26
|s 2021-12-13
|t 2
|w 2011-10-03
|y BK
|x Available
|
| 952 |
|
|
|0 0
|1 0
|4 0
|6 174_400000000000000_ALB
|7 0
|9 18336
|a BRACUL
|b BRACUL
|c GEN
|d 2011-10-03
|e Book Web
|g 671.50
|l 3
|m 7
|o 174.4 ALB
|p 3010023664
|q 2026-03-12
|r 2026-03-05
|s 2026-03-05
|t 3
|w 2011-10-03
|y BK
|x Available
|